00690nam a2200205Ia 4500001001000000003000500010008004100015010001100056040000900067082001900076111018800095245003400283260003600317300001100353650003000364650002900394650002300423650002200446710001600468Para_2024CHAP220125s1996 xx 000 0 und d a200657 cCHAP aPA 630 R4 1995 aReunión regional: Recursos genéticos potenciales, técnologias alternativas y mercados para la agricultura de la región centro occidente de México (1 : 1995 : Morelia, Mich.) aMemorias /c por UACh; CRUCO aChapingo, Méx. :b El Centro a209 h. aBosques x regeneración aCultivos x rendimiento  aGenética animal  aGenetica vegetal  aUACh. CRUCO